000 00799cam a2200181 i 4500
020 _a0309022711 :
082 0 0 _a380.5/08 s
_a625.84
_bNAT
110 2 _aNational Research Council (U.S.).
_920017
245 1 0 _aPavement design and continuously reinforced concrete pavement performance :
_b6 reports prepared for the 53rd annual meeting of the Highway Research Board.
260 _aWashington :
_bTransportation Research Board, National Research Council,
_c1974.
300 _aiv, 80 p. :
_bill. ;
_c25 cm.
526 _a0
_b0
_c0
_d380_508000000000000_S_NAT
650 0 _aMCE
_9379
650 0 _aPavements, Concrete
_xDesign and construction.
_943831
650 0 _aPavements, Reinforced concrete
_xDesign and construction.
_921354
710 2 _aNational Research Council (U.S.).
_920017
942 _2ddc
_cBK
999 _c547685
_d547685